000 00504nam a2200181Ia 4500
005 20250508161650.0
008 008 250505s9999 xx 000 0 eng d
037 _aTextual
040 _aFEDL
_beng
_cFEDL
041 _aeng
_2eng
084 _a613, DIE
_qFEDL
100 _aDietz Betty Warner
_9771256
245 0 _aYou can work in the health services
260 _aNew York, USA
_bThe John Day Company
_c1968
300 _a94p.
942 _cTEXL
_h613, DIE
999 _c1371432
_d1371432